[Event "Tradewise Gibraltar AmatWk1"]
[Site "Gibraltar"]
[Date "2016.01.25"]
[Round "1.1"]
[White "Boabaid, Jorge Alberto Duard"]
[Black "Schimmer, Michael"]
[Result "1/2-1/2"]
[WhiteElo "1895"]
[BlackElo "1782"]
[PlyCount "126"]
[EventDate "2016.01.25"]
[EventType "swiss"]
[EventRounds "5"]
[EventCountry "GGB"]
[SourceTitle "BritBase"]
[Source "www.saund.co.uk"]
[SourceDate "2018.02.10"]
[SourceVersion "1"]
[SourceVersionDate "2018.02.10"]
[SourceQuality "1"]

1. e4 d6 2. d4 Nf6 3. Nc3 g6 4. h3 Bg7 5. Nf3 O-O 6. Bd3 c6 7. O-O Nbd7 8. Be3
Qc7 9. Qd2 Re8 10. Bh6 Bh8 11. Ne2 e5 12. Ng5 exd4 13. Nxd4 Nc5 14. Rae1 Bd7
15. c3 Nxd3 16. Qxd3 Re7 17. Re3 Rae8 18. Rfe1 a6 19. Ne2 d5 20. Ng3 Bc8 21.
exd5 Nxd5 22. Rxe7 Rxe7 23. Rxe7 Qxe7 24. Nf3 Nf6 25. Bg5 Qd7 26. Qe2 Qe6 27.
Qxe6 Bxe6 28. a3 Nd7 29. Nd4 Bd5 30. Nge2 Ne5 31. b3 c5 32. f4 cxd4 33. fxe5
dxc3 34. Nxc3 Bxb3 35. Bf4 f6 36. exf6 Bxf6 37. Ne4 Be7 38. Nd6 b5 39. Kf2 Bd5
40. g3 Be6 41. h4 Bd7 42. Ke3 Bf6 43. Ne4 Bb2 44. Bd6 Kg7 45. Nc5 Bc8 46. Nd3
Bf6 47. Ne5 Bd8 48. Nc6 Bb6+ 49. Ke2 Bg4+ 50. Kd3 Bf3 51. Ne5 Bd5 52. Kc3 Bf2
53. Nd3 Bb6 54. Nf4 Bc4 55. Nd3 Bxd3 56. Kxd3 Kf6 57. Ke4 Ke6 58. Bb4 Bc7 59.
g4 Bd6 60. h5 gxh5 61. gxh5 a5 62. Bxa5 Bxa3 63. Bd2 Bc5 1/2-1/2

[Event "Tradewise Gibraltar AmatWk1"]
[Site "Gibraltar"]
[Date "2016.01.25"]
[Round "1.2"]
[White "Chidi, Lovinia Sylvia"]
[Black "Hermes, Geoff R"]
[Result "1/2-1/2"]
[WhiteElo "1780"]
[BlackElo "1892"]
[PlyCount "50"]
[EventDate "2016.01.25"]
[EventType "swiss"]
[EventRounds "5"]
[EventCountry "GGB"]
[SourceTitle "BritBase"]
[Source "www.saund.co.uk"]
[SourceDate "2018.02.10"]
[SourceVersion "1"]
[SourceVersionDate "2018.02.10"]
[SourceQuality "1"]

1. d4 d6 2. Nf3 Bg4 3. g3 Nf6 4. Bg2 c6 5. c4 Nbd7 6. Nc3 e5 7. h3 Bh5 8. d5 c5
9. e4 Be7 10. Qc2 Bxf3 11. Bxf3 O-O 12. O-O Qc8 13. Bg2 a6 14. a4 Rb8 15. Be3
Qd8 16. Bd2 Ne8 17. b3 Bg5 18. Ne2 Bxd2 19. Qxd2 Nc7 20. Kh2 Qe7 21. Qa5 b6 22.
Qd2 Rbe8 23. g4 Qh4 24. Qe3 Nf6 25. Qg3 Qxg3+ 1/2-1/2

[Event "Tradewise Gibraltar AmatWk1"]
[Site "Gibraltar"]
[Date "2016.01.25"]
[Round "1.3"]
[White "Bajer, Renato"]
[Black "Kuenitz, Klaus"]
[Result "0-1"]
[WhiteElo "1890"]
[BlackElo "1778"]
[PlyCount "99"]
[EventDate "2016.01.25"]
[EventType "swiss"]
[EventRounds "5"]
[EventCountry "GGB"]
[SourceTitle "BritBase"]
[Source "www.saund.co.uk"]
[SourceDate "2018.02.10"]
[SourceVersion "1"]
[SourceVersionDate "2018.02.10"]
[SourceQuality "1"]

1. e4 e6 2. d4 d5 3. Nc3 dxe4 4. Nxe4 Nd7 5. Nf3 Ngf6 6. Bd3 c5 7. O-O cxd4 8.
Nxd4 Be7 9. c3 O-O 10. Qe2 Nxe4 11. Bxe4 Nf6 12. Bc2 Bd7 13. Bf4 Re8 14. Rad1
Qa5 15. Be5 Rad8 16. b4 Qb6 17. Qd3 g6 18. Qf3 Nh5 19. g4 Ng7 20. Qf4 f6 21.
Bc7 e5 22. Bxb6 exf4 23. Bxd8 Rxd8 24. Bb3+ Kf8 25. f3 h5 26. gxh5 gxh5 27.
Rfe1 Rc8 28. Rd3 Bd8 29. Ne6+ Nxe6 30. Bxe6 Bxe6 31. Rxe6 Kf7 32. Re4 Bb6+ 33.
Kg2 Be3 34. c4 f5 35. Red4 Bxd4 36. Rxd4 Ke6 37. Rxf4 Ke5 38. Rh4 Rh8 39. f4+
Ke4 40. c5 Rd8 41. Rxh5 Rd2+ 42. Kg3 Rd3+ 43. Kh4 Kxf4 44. Rh7 Rd2 45. h3 Rd8
46. Kh5 Rb8 47. Kg6 Rg8+ 48. Kf6 Rg2 49. Rh4+ Kg3 50. Rg4+ 0-1

[Event "Tradewise Gibraltar AmatWk1"]
[Site "Gibraltar"]
[Date "2016.01.25"]
[Round "1.4"]
[White "Ocana, Jeremy"]
[Black "Stuhlmann, Alexander"]
[Result "1/2-1/2"]
[WhiteElo "1706"]
[BlackElo "1888"]
[PlyCount "69"]
[EventDate "2016.01.25"]
[EventType "swiss"]
[EventRounds "5"]
[EventCountry "GGB"]
[SourceTitle "BritBase"]
[Source "www.saund.co.uk"]
[SourceDate "2018.02.10"]
[SourceVersion "1"]
[SourceVersionDate "2018.02.10"]
[SourceQuality "1"]

1. d4 Nf6 2. Bf4 d5 3. e3 Bf5 4. Bd3 Bg6 5. Nf3 e6 6. Nc3 Bd6 7. Ne2 O-O 8. O-O
Qe7 9. b3 Nbd7 10. c4 e5 11. dxe5 Nxe5 12. Nxe5 Bxe5 13. Bxe5 Qxe5 14. Bxg6
hxg6 15. Qd4 Qxd4 16. exd4 Rfe8 17. Nc3 Rad8 18. c5 Ne4 19. Rac1 Nxc3 20. Rxc3
Re2 21. Rd3 Rde8 22. a3 Ra2 23. b4 Ree2 24. Re3 Rxe3 25. fxe3 Rxa3 26. Kf2 Rb3
27. Ra1 Rxb4 28. Rxa7 c6 29. Ra8+ Kh7 30. Rf8 f6 31. h4 Rb3 32. Rb8 g5 33. hxg5
fxg5 34. Re8 Kg6 35. Kf3 1/2-1/2

[Event "Tradewise Gibraltar AmatWk1"]
[Site "Gibraltar"]
[Date "2016.01.25"]
[Round "1.5"]
[White "Wilson, Matthew R"]
[Black "White, Gary"]
[Result "1-0"]
[WhiteElo "1873"]
[BlackElo "1690"]
[PlyCount "71"]
[EventDate "2016.01.25"]
[EventType "swiss"]
[EventRounds "5"]
[EventCountry "GGB"]
[SourceTitle "BritBase"]
[Source "www.saund.co.uk"]
[SourceDate "2018.02.10"]
[SourceVersion "1"]
[SourceVersionDate "2018.02.10"]
[SourceQuality "1"]

1. e4 e6 2. d4 d5 3. Nc3 Bb4 4. exd5 exd5 5. Bd3 Nc6 6. a3 Ba5 7. Nge2 Bg4 8.
O-O Nxd4 9. f3 Nxe2+ 10. Qxe2+ Be6 11. f4 Bxc3 12. bxc3 Qe7 13. Re1 g6 14. f5
gxf5 15. Qe5 Qf6 16. Qxc7 Ne7 17. Bb5+ Kf8 18. Qxb7 Kg7 19. Be3 Rhb8 20. Qc7
Kf8 21. Bd4 Qg5 22. Ba6 Ng6 23. Bc5+ Kg7 24. Rxe6 Nf4 25. Re2 Nxe2+ 26. Bxe2
Re8 27. Bd4+ Kg8 28. Bd3 Re7 29. Qc6 Rae8 30. Qxd5 Re1+ 31. Rxe1 Rxe1+ 32. Bf1
Re8 33. Qd7 Qe7 34. Qxf5 Qxa3 35. Qg5+ Kf8 36. Bc5+ 1-0

[Event "Tradewise Gibraltar AmatWk1"]
[Site "Gibraltar"]
[Date "2016.01.25"]
[Round "1.6"]
[White "Turp, Hueseyin"]
[Black "Sevillano Garcia, Joaquin"]
[Result "0-1"]
[WhiteElo "1688"]
[BlackElo "1867"]
[PlyCount "66"]
[EventDate "2016.01.25"]
[EventType "swiss"]
[EventRounds "5"]
[EventCountry "GGB"]
[SourceTitle "BritBase"]
[Source "www.saund.co.uk"]
[SourceDate "2018.02.10"]
[SourceVersion "1"]
[SourceVersionDate "2018.02.10"]
[SourceQuality "1"]

1. d4 d5 2. Nf3 Nf6 3. h3 Bf5 4. Bf4 e6 5. e3 Bd6 6. Ne5 O-O 7. Nd2 c5 8. Ndf3
Nc6 9. Be2 cxd4 10. exd4 Ne4 11. O-O f6 12. Nxc6 bxc6 13. Bxd6 Nxd6 14. Nh4 Qb6
15. b3 Be4 16. Nf3 Rfe8 17. Re1 Nb5 18. Bxb5 cxb5 19. Re3 Rac8 20. c3 Bg6 21.
Qd2 Rc6 22. a3 Rec8 23. b4 Qc7 24. Rc1 Bh5 25. g4 Bg6 26. Qe1 Qf4 27. Nd2 Qxd4
28. Nb3 Qb6 29. Nd4 Qxd4 30. Rxe6 Rxc3 31. Rd1 Rd3 32. Ra1 Rxh3 33. Qd1 Be4 0-1

[Event "Tradewise Gibraltar AmatWk1"]
[Site "Gibraltar"]
[Date "2016.01.25"]
[Round "1.7"]
[White "Guardia Bencomo, Tomas"]
[Black "Joachim, Rodny"]
[Result "0-1"]
[WhiteElo "1863"]
[BlackElo "1659"]
[PlyCount "80"]
[EventDate "2016.01.25"]
[EventType "swiss"]
[EventRounds "5"]
[EventCountry "GGB"]
[SourceTitle "BritBase"]
[Source "www.saund.co.uk"]
[SourceDate "2018.02.10"]
[SourceVersion "1"]
[SourceVersionDate "2018.02.10"]
[SourceQuality "1"]

1. d4 d5 2. c4 c6 3. Nc3 Nf6 4. Nf3 e6 5. e3 Be7 6. Bd3 dxc4 7. Bxc4 Qa5 8. O-O
b5 9. Bb3 O-O 10. Bd2 b4 11. Na4 Ba6 12. Re1 c5 13. Rc1 Nbd7 14. Bc4 Bb7 15.
Be2 Rfd8 16. a3 Ne4 17. axb4 cxb4 18. Ra1 Qd5 19. b3 Nxd2 20. Qxd2 Qxb3 21.
Reb1 Qd5 22. Bf1 Qh5 23. Be2 Qg4 24. Ne1 Qg6 25. Bf3 Bxf3 26. Nxf3 e5 27. Qe1
exd4 28. Nxd4 Ne5 29. Kh1 Ng4 30. h3 Nh6 31. Rc1 Rac8 32. Nb2 Nf5 33. Nxf5 Qxf5
34. Rxc8 Qxc8 35. Rxa7 Qc3 36. Qxc3 bxc3 37. Rxe7 cxb2 38. Rb7 Rd1+ 39. Kh2
b1=Q 40. Re7 Qb8+ 0-1

[Event "Tradewise Gibraltar AmatWk1"]
[Site "Gibraltar"]
[Date "2016.01.25"]
[Round "1.8"]
[White "Mrabti, Yahya"]
[Black "Iglesias Fernandez, Luis"]
[Result "1-0"]
[WhiteElo "1780"]
[BlackElo "1862"]
[PlyCount "68"]
[EventDate "2016.01.25"]
[EventType "swiss"]
[EventRounds "5"]
[EventCountry "GGB"]
[SourceTitle "BritBase"]
[Source "www.saund.co.uk"]
[SourceDate "2018.02.10"]
[SourceVersion "1"]
[SourceVersionDate "2018.02.10"]
[SourceQuality "1"]

1. e4 g6 2. g3 Bg7 3. Bg2 d6 4. Nf3 Nf6 5. d3 O-O 6. O-O e5 7. Re1 c6 8. h3 Be6
9. Be3 h6 10. Nbd2 Nbd7 11. d4 Qc8 12. Kh2 Re8 13. c4 exd4 14. Nxd4 Ne5 15.
Nxe6 Qxe6 16. Qc2 g5 17. f4 gxf4 18. gxf4 Ned7 19. Rad1 Nc5 20. Bxc5 dxc5 21.
e5 Nh5 22. Qe4 Rad8 23. Nb3 Rxd1 24. Rxd1 Nxf4 25. Nxc5 Qxe5 26. Qxe5 Rxe5 27.
Rd8+ Kh7 28. Nd3 Nxd3 29. Rxd3 Re1 30. h4 Re2 31. Rd7 Rxb2 32. Rxf7 Kg6 33. Rd7
Bf6 34. Kh3 Be5 1-0

[Event "Tradewise Gibraltar AmatWk1"]
[Site "Gibraltar"]
[Date "2016.01.25"]
[Round "1.9"]
[White "Selva Salvador, Antonio"]
[Black "Ristoja, Aulikki"]
[Result "1-0"]
[WhiteElo "1862"]
[BlackElo "1644"]
[PlyCount "73"]
[EventDate "2016.01.25"]
[EventType "swiss"]
[EventRounds "5"]
[EventCountry "GGB"]
[SourceTitle "BritBase"]
[Source "www.saund.co.uk"]
[SourceDate "2018.02.10"]
[SourceVersion "1"]
[SourceVersionDate "2018.02.10"]
[SourceQuality "1"]

1. d4 d5 2. Nf3 Bg4 3. Ne5 Bf5 4. c4 c6 5. Nc3 e6 6. Qb3 Qb6 7. Qxb6 axb6 8.
cxd5 exd5 9. g4 Be6 10. h3 Nf6 11. Bg2 h6 12. O-O Nbd7 13. f4 Nxe5 14. dxe5
Bc5+ 15. Kh1 Nh7 16. b3 Ba3 17. Na4 Bxc1 18. Rfxc1 b5 19. Nc5 Bc8 20. e4 dxe4
21. Nxe4 O-O 22. a4 bxa4 23. Rxa4 Rxa4 24. bxa4 f6 25. Nd6 fxe5 26. fxe5 Ng5
27. Rb1 Be6 28. Rxb7 Bd5 29. Nf5 Re8 30. Rxg7+ Kf8 31. Rc7 Rxe5 32. Rc8+ Kf7
33. Nxh6+ Kg6 34. Bxd5 cxd5 35. Rc6+ Kh7 36. Nf5 Nxh3 37. Rh6+ 1-0

[Event "Tradewise Gibraltar AmatWk1"]
[Site "Gibraltar"]
[Date "2016.01.25"]
[Round "1.10"]
[White "Minor, Harry"]
[Black "Garcia-Blazquez Perez, Manuel"]
[Result "0-1"]
[WhiteElo "1635"]
[BlackElo "1858"]
[PlyCount "56"]
[EventDate "2016.01.25"]
[EventType "swiss"]
[EventRounds "5"]
[EventCountry "GGB"]
[SourceTitle "BritBase"]
[Source "www.saund.co.uk"]
[SourceDate "2018.02.10"]
[SourceVersion "1"]
[SourceVersionDate "2018.02.10"]
[SourceQuality "1"]

1. e4 d5 2. exd5 Qxd5 3. Nc3 Qd8 4. Nf3 g6 5. Be2 Bg7 6. O-O Nh6 7. h3 Nf5 8.
d3 O-O 9. Bd2 c6 10. Qc1 Qb6 11. Be3 Nxe3 12. fxe3 Bh6 13. Nd1 Nd7 14. g4 Qc7
15. Kg2 Ne5 16. Nxe5 Qxe5 17. d4 Qg5 18. Kh2 f5 19. Bc4+ Kg7 20. Be2 Be6 21.
Nf2 Qxe3 22. Qxe3 Bxe3 23. c3 Bxf2 24. Rxf2 fxg4 25. Raf1 gxh3 26. Rxf8 Rxf8
27. a3 Rxf1 28. Bxf1 Kf6 0-1

[Event "Tradewise Gibraltar AmatWk1"]
[Site "Gibraltar"]
[Date "2016.01.25"]
[Round "1.11"]
[White "Gonzalez Pabollet, Jesus Maria"]
[Black "Hunt, Caro"]
[Result "1-0"]
[WhiteElo "1854"]
[BlackElo "1634"]
[PlyCount "37"]
[EventDate "2016.01.25"]
[EventType "swiss"]
[EventRounds "5"]
[EventCountry "GGB"]
[SourceTitle "BritBase"]
[Source "www.saund.co.uk"]
[SourceDate "2018.02.10"]
[SourceVersion "1"]
[SourceVersionDate "2018.02.10"]
[SourceQuality "1"]

1. e4 c6 2. d4 d5 3. e5 Bf5 4. Ne2 e6 5. Ng3 Bg6 6. h4 h6 7. h5 Bh7 8. Bd3 Bxd3
9. Qxd3 Be7 10. Nc3 Bg5 11. f4 Be7 12. f5 Nd7 13. fxe6 fxe6 14. Qg6+ Kf8 15.
O-O+ Bf6 16. exf6 Ndxf6 17. b3 Qd6 18. a4 Ne7 19. Rxf6+ 1-0

[Event "Tradewise Gibraltar AmatWk1"]
[Site "Gibraltar"]
[Date "2016.01.25"]
[Round "1.12"]
[White "Gunn, Michael J"]
[Black "Lopez Diaz, Rafael"]
[Result "1-0"]
[WhiteElo "1632"]
[BlackElo "1854"]
[PlyCount "163"]
[EventDate "2016.01.25"]
[EventType "swiss"]
[EventRounds "5"]
[EventCountry "GGB"]
[SourceTitle "BritBase"]
[Source "www.saund.co.uk"]
[SourceDate "2018.02.10"]
[SourceVersion "1"]
[SourceVersionDate "2018.02.10"]
[SourceQuality "1"]

1. c4 e5 2. g3 Nf6 3. Bg2 Be7 4. Nc3 Nc6 5. d3 h6 6. e4 d6 7. Nge2 Be6 8. Nd5
Qd7 9. h3 a5 10. f4 Bxd5 11. cxd5 Nb4 12. a3 Na6 13. Be3 Qb5 14. Qc2 Nc5 15.
Bxc5 Qxc5 16. Qxc5 dxc5 17. fxe5 Nd7 18. e6 fxe6 19. dxe6 Ne5 20. O-O-O O-O-O
21. d4 cxd4 22. Nxd4 Rd6 23. h4 g6 24. Rhf1 Rf8 25. Rxf8+ Bxf8 26. Bh3 Kd8 27.
Kc2 c5 28. Nb5 Rxd1 29. Kxd1 Nd3 30. Kc2 Nf2 31. Bg2 Ke7 32. e5 Kxe6 33. Bxb7
Ng4 34. Bc8+ Kxe5 35. Bxg4 Ke4 36. Nc3+ Ke3 37. Nd1+ Kd4 38. Bf3 h5 39. Nc3 Ke3
40. Be4 Bd6 41. Bxg6 Bxg3 42. Bxh5 Bxh4 43. Nb5 Bf6 44. Bg6 Be5 45. Bf7 Bf6 46.
Nd6 Kd4 47. Nc4 Bd8 48. Kb3 Kd3 49. Ne5+ Kd2 50. Kc4 Bf6 51. Nd3 Kc2 52. b3 Be7
53. a4 Bf6 54. Nxc5 Bc3 55. Kb5 Bb4 56. Nb7 Kc3 57. Nxa5 Bd6 58. Nb7 Bh2 59. a5
Kd4 60. b4 Bb8 61. Kc6 Kc3 62. b5 Kb4 63. Kb6 Bg3 64. a6 Bf2+ 65. Kc6 Bg3 66.
Be8 Bf2 67. b6 Be3 68. a7 Kc3 69. a8=Q Kc4 70. Qa4+ Kc3 71. Qa3+ Kd2 72. Qxe3+
Kxe3 73. Nc5 Kd4 74. b7 Kc4 75. b8=Q Kd4 76. Qb4+ Ke5 77. Qe4+ Kf6 78. Kd6 Kg5
79. Ke6 Kh6 80. Qg4 Kh7 81. Kf6 Kh8 82. Qg7# 1-0

[Event "Tradewise Gibraltar AmatWk1"]
[Site "Gibraltar"]
[Date "2016.01.25"]
[Round "1.13"]
[White "D'haluin, Wim"]
[Black "Oliva Parra, Ernesto"]
[Result "1-0"]
[WhiteElo "1846"]
[BlackElo "1602"]
[PlyCount "61"]
[EventDate "2016.01.25"]
[EventType "swiss"]
[EventRounds "5"]
[EventCountry "GGB"]
[SourceTitle "BritBase"]
[Source "www.saund.co.uk"]
[SourceDate "2018.02.10"]
[SourceVersion "1"]
[SourceVersionDate "2018.02.10"]
[SourceQuality "1"]

1. d4 d5 2. Nf3 Bf5 3. Bf4 Nf6 4. h3 h6 5. e3 e6 6. Be2 c6 7. O-O Be7 8. c4 O-O
9. Nc3 Bd6 10. Ne5 Nbd7 11. Nxc6 Qc7 12. Ne7+ Kh8 13. Nb5 Qd8 14. Bxd6 Be4 15.
cxd5 Nxd5 16. Nxd5 exd5 17. Bxf8 Nxf8 18. Bd3 Qg5 19. Bxe4 dxe4 20. Nd6 Qe7 21.
Nf5 Qf6 22. Ng3 Qe7 23. Qg4 Re8 24. Rac1 Nd7 25. Rc7 Rd8 26. Nxe4 Qe8 27. Rxb7
a6 28. Rc1 Qe6 29. Qxe6 fxe6 30. Rc6 e5 31. Rd6 1-0

[Event "Tradewise Gibraltar AmatWk1"]
[Site "Gibraltar"]
[Date "2016.01.25"]
[Round "1.14"]
[White "Gaspar, Ioan-Dan"]
[Black "Ledezma Panades, Hernan Javier"]
[Result "1-0"]
[WhiteElo "1575"]
[BlackElo "1846"]
[PlyCount "91"]
[EventDate "2016.01.25"]
[EventType "swiss"]
[EventRounds "5"]
[EventCountry "GGB"]
[SourceTitle "BritBase"]
[Source "www.saund.co.uk"]
[SourceDate "2018.02.10"]
[SourceVersion "1"]
[SourceVersionDate "2018.02.10"]
[SourceQuality "1"]

1. e4 c5 2. Nc3 Nc6 3. g3 g6 4. Bg2 Bg7 5. f4 d6 6. Nf3 e6 7. O-O Nge7 8. Ne2
O-O 9. c3 d5 10. d3 b5 11. Be3 d4 12. cxd4 cxd4 13. Bf2 Rb8 14. Qd2 a5 15. e5
f6 16. Nfxd4 Nxd4 17. Bxd4 Bb7 18. exf6 Bxf6 19. Bxf6 Rxf6 20. Qc3 Nd5 21. Qe5
Qb6+ 22. Rf2 Rbf8 23. Nd4 Nb4 24. Rd1 Bd5 25. Bxd5 Nxd5 26. Re1 Nb4 27. Re3 Nc6
28. Nxc6 Qxc6 29. d4 b4 30. Rfe2 Qc4 31. Qxa5 Qxd4 32. Qe5 Qb6 33. Kg2 Qc6+ 34.
Qe4 Qb6 35. Qc4 Re8 36. Re4 g5 37. Qxb4 Qc6 38. Qc4 Qb6 39. fxg5 Rf7 40. Rxe6
Rxe6 41. Qxe6 Qb7+ 42. Kh3 Qb5 43. Rf2 Qd7 44. Qxd7 Rxd7 45. b4 Rd5 46. Rb2 1-0

[Event "Tradewise Gibraltar AmatWk1"]
[Site "Gibraltar"]
[Date "2016.01.25"]
[Round "1.15"]
[White "Odiase, Oluwaseun"]
[Black "Bullock, Lee"]
[Result "1-0"]
[WhiteElo "1834"]
[BlackElo "1549"]
[PlyCount "41"]
[EventDate "2016.01.25"]
[EventType "swiss"]
[EventRounds "5"]
[EventCountry "GGB"]
[SourceTitle "BritBase"]
[Source "www.saund.co.uk"]
[SourceDate "2018.02.10"]
[SourceVersion "1"]
[SourceVersionDate "2018.02.10"]
[SourceQuality "1"]

1. g3 e5 2. Bg2 Bc5 3. d3 d6 4. Nf3 Nc6 5. c3 Bg4 6. b4 Bxf3 7. Bxf3 Nxb4 8. d4
exd4 9. cxb4 Bxb4+ 10. Bd2 Bxd2+ 11. Qxd2 Qf6 12. Bxb7 Rb8 13. Bc6+ Kd8 14. O-O
Rb6 15. Bg2 Ne7 16. Na3 g5 17. Rab1 h5 18. Nc4 Rxb1 19. Rxb1 Kd7 20. Qa5 h4 21.
Rb7 1-0

[Event "Tradewise Gibraltar AmatWk1"]
[Site "Gibraltar"]
[Date "2016.01.25"]
[Round "1.16"]
[White "Crouch, Timothy J"]
[Black "Christophe-Hayot, Romain"]
[Result "0-1"]
[WhiteElo "1541"]
[BlackElo "1824"]
[PlyCount "32"]
[EventDate "2016.01.25"]
[EventType "swiss"]
[EventRounds "5"]
[EventCountry "GGB"]
[SourceTitle "BritBase"]
[Source "www.saund.co.uk"]
[SourceDate "2018.02.10"]
[SourceVersion "1"]
[SourceVersionDate "2018.02.10"]
[SourceQuality "1"]

1. e4 d5 2. exd5 Nf6 3. Bb5+ Bd7 4. Bxd7+ Qxd7 5. Nf3 Nxd5 6. O-O Nc6 7. d4 e6
8. Bg5 h6 9. Bh4 g5 10. Bg3 Bg7 11. Ne5 Nxe5 12. dxe5 O-O-O 13. Qe2 Qc6 14. c3
h5 15. h4 gxh4 16. Bxh4 Nf4 0-1

[Event "Tradewise Gibraltar AmatWk1"]
[Site "Gibraltar"]
[Date "2016.01.25"]
[Round "1.17"]
[White "Hodgson, Jeremy K"]
[Black "Tveten, Per"]
[Result "1-0"]
[WhiteElo "1818"]
[BlackElo "1535"]
[PlyCount "95"]
[EventDate "2016.01.25"]
[EventType "swiss"]
[EventRounds "5"]
[EventCountry "GGB"]
[SourceTitle "BritBase"]
[Source "www.saund.co.uk"]
[SourceDate "2018.02.10"]
[SourceVersion "1"]
[SourceVersionDate "2018.02.10"]
[SourceQuality "1"]

1. c4 e5 2. Nc3 c5 3. g3 Nf6 4. Bg2 Nc6 5. e3 d6 6. Nge2 Be7 7. d4 cxd4 8. exd4
exd4 9. Nxd4 Nxd4 10. Qxd4 O-O 11. O-O Qd7 12. b3 Ng4 13. Nd5 Bf6 14. Nxf6+
Nxf6 15. Ba3 Rd8 16. Rad1 Ne8 17. Rfe1 Qg4 18. Qxg4 Bxg4 19. Rd4 Bc8 20. c5 d5
21. Rxd5 Be6 22. Rxd8 Rxd8 23. Bxb7 Rd2 24. Ra1 Nc7 25. Bb4 Rd4 26. Bc3 Rd3 27.
Ba5 Nb5 28. Ba6 Bd7 29. a4 Rd5 30. axb5 Rxc5 31. Rd1 Be8 32. Rd8 Re5 33. Bb7 f6
34. Bc6 Kf7 35. Rxe8 Rxe8 36. Bxe8+ Kxe8 37. Kf1 Kd7 38. Ke2 Kd6 39. Bb4+ Kd5
40. Kd3 g5 41. Be7 h6 42. Bxf6 Kc5 43. Bd4+ Kxb5 44. Bxa7 Kb4 45. Kc2 h5 46. f4
gxf4 47. gxf4 h4 48. Kd3 1-0

[Event "Tradewise Gibraltar AmatWk1"]
[Site "Gibraltar"]
[Date "2016.01.25"]
[Round "1.22"]
[White "Kearsley, Raymond J"]
[Black "Dennis, Nigel W"]
[Result "1-0"]
[WhiteElo "1709"]
[BlackElo "1820"]
[PlyCount "59"]
[EventDate "2016.01.25"]
[EventType "swiss"]
[EventRounds "5"]
[EventCountry "GGB"]
[SourceTitle "BritBase"]
[Source "www.saund.co.uk"]
[SourceDate "2018.02.10"]
[SourceVersion "1"]
[SourceVersionDate "2018.02.10"]
[SourceQuality "1"]

1. e4 c5 2. Nf3 e6 3. c3 d5 4. e5 Nc6 5. d4 cxd4 6. cxd4 Bb4+ 7. Nc3 Nge7 8.
Bd3 a6 9. O-O b5 10. Be3 Bxc3 11. bxc3 Na5 12. Nd2 Nc4 13. Nxc4 dxc4 14. Be4
Nd5 15. Bxd5 Qxd5 16. Qg4 g6 17. Bg5 Bb7 18. Bf6 h5 19. Qg5 Rh7 20. f3 Kd7 21.
a4 bxa4 22. Rxa4 Bc6 23. Rb4 a5 24. Rb6 a4 25. Be7 h4 26. Bd6 Re8 27. Rb8 Rhh8
28. Rd8+ Rxd8 29. Qe7+ Kc8 30. Qc7# 1-0

[Event "Tradewise Gibraltar AmatWk1"]
[Site "Gibraltar"]
[Date "2016.01.26"]
[Round "2.2"]
[White "Sevillano Garcia, Joaquin"]
[Black "Flanagan, Samuel"]
[Result "1/2-1/2"]
[WhiteElo "1867"]
[BlackElo "1783"]
[PlyCount "57"]
[EventDate "2016.01.25"]
[EventType "swiss"]
[EventRounds "5"]
[EventCountry "GGB"]
[SourceTitle "BritBase"]
[Source "www.saund.co.uk"]
[SourceDate "2018.02.10"]
[SourceVersion "1"]
[SourceVersionDate "2018.02.10"]
[SourceQuality "1"]

1. d4 d5 2. c4 c6 3. Nf3 Nf6 4. Nc3 a6 5. cxd5 cxd5 6. Bf4 Nc6 7. e3 Bg4 8. Be2
e6 9. O-O Bd6 10. Bg3 O-O 11. Ne5 Bxe2 12. Qxe2 Rc8 13. f4 Bb4 14. Bh4 Be7 15.
Rac1 Nd7 16. Bxe7 Nxe7 17. Rf3 Nf5 18. Rcf1 Nf6 19. Rh3 Nd6 20. g4 Nde4 21.
Nxe4 Nxe4 22. g5 g6 23. Ng4 f6 24. gxf6 Nxf6 25. Nxf6+ Qxf6 26. Rg3 Rc6 27. Qd3
Rfc8 28. Rg2 Qf5 29. Qxf5 1/2-1/2

[Event "Tradewise Gibraltar AmatWk1"]
[Site "Gibraltar"]
[Date "2016.01.26"]
[Round "2.3"]
[White "Guegan, Michel"]
[Black "Selva Salvador, Antonio"]
[Result "0-1"]
[WhiteElo "1786"]
[BlackElo "1862"]
[PlyCount "22"]
[EventDate "2016.01.25"]
[EventType "swiss"]
[EventRounds "5"]
[EventCountry "GGB"]
[SourceTitle "BritBase"]
[Source "www.saund.co.uk"]
[SourceDate "2018.02.10"]
[SourceVersion "1"]
[SourceVersionDate "2018.02.10"]
[SourceQuality "1"]

1. e4 e5 2. Nf3 f5 3. Nxe5 Nf6 4. exf5 d6 5. Nc4 Bxf5 6. Ne3 Be6 7. d4 c6 8.
Bd3 Be7 9. Nd2 O-O 10. Nf3 Nbd7 11. Ng5 Qa5+ 0-1

[Event "Tradewise Gibraltar AmatWk1"]
[Site "Gibraltar"]
[Date "2016.01.26"]
[Round "2.4"]
[White "Garcia-Blazquez Perez, Manuel"]
[Black "Kearsley, Raymond J"]
[Result "1-0"]
[WhiteElo "1858"]
[BlackElo "1709"]
[PlyCount "67"]
[EventDate "2016.01.25"]
[EventType "swiss"]
[EventRounds "5"]
[EventCountry "GGB"]
[SourceTitle "BritBase"]
[Source "www.saund.co.uk"]
[SourceDate "2018.02.10"]
[SourceVersion "1"]
[SourceVersionDate "2018.02.10"]
[SourceQuality "1"]

1. e4 c5 2. Nf3 g6 3. d4 cxd4 4. Nxd4 Bg7 5. Nc3 Nc6 6. Be3 Nf6 7. f3 O-O 8.
Qd2 d5 9. O-O-O Qa5 10. exd5 Nb4 11. Bc4 Rd8 12. Nb3 Nxa2+ 13. Nxa2 Qxa2 14.
Bd4 a5 15. Qe3 a4 16. Nd2 Qa1+ 17. Nb1 Ne8 18. Bxg7 Nxg7 19. Qxe7 Re8 20. Qa3
Qxa3 21. Nxa3 Bd7 22. Rhe1 Nf5 23. Bb5 Bxb5 24. Nxb5 Ne3 25. Nc7 Nxd1 26. Nxe8
Nf2 27. Nc7 Rc8 28. d6 Rd8 29. Re8+ Rxe8 30. Nxe8 Kf8 31. d7 Ke7 32. Nf6 g5 33.
Kd2 h6 34. Ke2 1-0